Aplikácia e-learningu na konkrétnej strednej škole diplomová práca

Na minha lista:
Detalhes bibliográficos
Autor principal: Pramuka, Tomáš
Autor Corporativo: Fakulta hospodárskej informatiky EU. Katedra aplikovanej informatiky
Outros Autores: Trochanová, Hana
Formato: Livro
Idioma:eslovaco
Publicado em: Bratislava 2011
Tags: Adicionar Tag
Sem tags, seja o primeiro a adicionar uma tag!

MARC

LEADER 00000nbm a2200000 4500
001 0140881
005 20161109101956.9
041 0 |a slo 
044 |a SK 
245 1 0 |a Aplikácia e-learningu na konkrétnej strednej škole  |b diplomová práca  |c Tomáš Pramuka ; školiteľ: Hana Trochanová 
264 1 |a Bratislava  |c 2011 
300 |a 65 s. 
100 1 |a Pramuka, Tomáš 
700 1 |a Trochanová, Hana 
710 2 |a Fakulta hospodárskej informatiky EU. Katedra aplikovanej informatiky